000 00380nam a2200121Ia 4500
008 200918s9999 xx 000 0 und d
020 _a978-621-427-037-7
100 _aAriola, Mariano M.
245 _cMariano M. Ariola, Rowena P. Parajas
_aReadings in Philippine history/
260 _aManila:
_bUnlimited Books
_c2018
300 _aviii, 203 pages
_c25 cm.
650 _aPhilippines
999 _c364276
_d364276